| 000 -LEADER |
| fixed length control field |
01078nam a2200229Ia 4500 |
| 001 - CONTROL NUMBER |
| control field |
7334 |
| 003 - CONTROL NUMBER IDENTIFIER |
| control field |
GE_BSU |
| 008 - FIXED-LENGTH DATA ELEMENTS--GENERAL INFORMATION |
| fixed length control field |
181216s||||||||xx |||||||||||||| ||und|| |
| 020 ## - INTERNATIONAL STANDARD BOOK NUMBER |
| International Standard Book Number |
ISSN 1512-0694 |
| 040 ## - CATALOGING SOURCE |
| Transcribing agency |
GE_BSU |
| 080 ## - UNIVERSAL DECIMAL CLASSIFICATION NUMBER |
| Universal Decimal Classification number |
008(09) |
| 245 ## - TITLE STATEMENT |
| Title |
კულტურის ისტორიისა და თეორიის საკითხები XXVIII |
| 245 ## - TITLE STATEMENT |
| Remainder of title |
ISSUES OF HISTORY AND THEORY OF CULTURE XXVIII; აღმოსავლური კრებული. |
| 245 ## - TITLE STATEMENT |
| Statement of responsibility, etc. |
მთ. რედ.: გურამ ლორთქიფანიძე; ტომის რედ.: მარიკა მშვილდაძე. |
| 250 ## - EDITION STATEMENT |
| Edition statement |
ივ. ჯავახიშვილის სახ. თბილისის სახ. უნ–ტი. |
| 260 ## - PUBLICATION, DISTRIBUTION, ETC. |
| Place of publication, distribution, etc. |
თბილისი. |
| 260 ## - PUBLICATION, DISTRIBUTION, ETC. |
| Name of publisher, distributor, etc. |
შპს მწიგნობარი. |
| 260 ## - PUBLICATION, DISTRIBUTION, ETC. |
| Date of publication, distribution, etc. |
2013. |
| 300 ## - PHYSICAL DESCRIPTION |
| Extent |
142 გვ.; 20 სმ. |
| 653 ## - INDEX TERM--UNCONTROLLED |
| Uncontrolled term |
კულტურის ისტორიისა და თეორიის საკითხები XXVIII |
| 942 ## - ADDED ENTRY ELEMENTS (KOHA) |
| Koha item type |
წიგნი |